000 00803nas a2200241 4500
001 BR9703562
003 BR-BrBNA
005 20231205100316.0
007 ta
008 230509b bl.|||p| |||| 00| 00por d
040 _aBR-BrBNA
_bpor
_cBiblioteca Nacional de Agricultura
041 _a(Pt)
072 _aF50
100 1 _aLins, A.L.F. de A.
100 1 _aOliveira, P.L. de
245 1 _aOrigem, aspectos morfologicos e anatomicos das raizes embrionarias de Montrichardia Linifera (Arruda)Schott (Araceae)
650 _aAnatomia Vegetal
650 _aRaiz
650 _aArruda
773 0 _tBoletim do Museu Paraense Emilio Goeldi. Nova Serie Botanica (Brazil)
_xISSN 0070-2216
_g(Dec 1994), v. 10(2) p. 221-236
_wBR9703562
909 _a202311
_bLúcia
_c55
_dLúcia Elande
942 _2AGRIS
_n0
_cANA
999 _c155279
_d155279